ASME 2017 Dynamic Systems and Control Conference - Volume 1: Aerospace Applications; Advances in Control Design Methods; Bio Engineering Applications; Advances in Non-Linear Control; Adaptive and Intelligent Systems Control; Advances in Wind Energy Systems; Advances in Robotics; Assistive and Rehabilitation Robotics; Biomedical and Neural Systems Modeling, Diagnostics, and Control; Bio-Mechatronics and Physical Human Robot; Advanced Driver Assistance Systems and Autonomous Vehicles; Automotive Systems

Bibliografiset tiedot
Aineistotyyppi: Elektroninen Aikakauslehti
Kieli:English
Julkaistu: ASME
Linkit:Full text available on ASME[2017-2017]
Off-campus access
LEADER 01397cas a2200181 a 4500
001 AALConferenceProceedingsASME000454
008 230101c9999 xx r poo 0 0eng d
020 |a 978-0-7918-5827-1 
040 |a BD-DhAAL  |c BD-DhAAL 
245 0 0 |h [electronic resource]  |a ASME 2017 Dynamic Systems and Control Conference - Volume 1: Aerospace Applications; Advances in Control Design Methods; Bio Engineering Applications; Advances in Non-Linear Control; Adaptive and Intelligent Systems Control; Advances in Wind Energy Systems; Advances in Robotics; Assistive and Rehabilitation Robotics; Biomedical and Neural Systems Modeling, Diagnostics, and Control; Bio-Mechatronics and Physical Human Robot; Advanced Driver Assistance Systems and Autonomous Vehicles; Automotive Systems 
260 |b ASME 
300 |a 1 online resource 
500 |a <strong>Off-Campus Access:</strong> Athens ID and Password Required 
500 |a <strong>On-Campus Access:</strong> No User ID or Password Required 
506 |a Electronic access restricted to authorized BRAC University faculty, staff and students 
538 |a Mode of access: Internet 
856 4 0 |z Full text available on ASME[2017-2017]  |u https://asmedigitalcollection.asme.org/DSCC/DSCC2017/volume/58271 
856 4 0 |z Off-campus access  |u https://go.openathens.net/redirector/bracu.ac.bd?url=https%3A%2F%2Fasmedigitalcollection.asme.org%2FDSCC%2FDSCC2017%2Fvolume%2F58271